| 000 | 00668nam a22002417a 4500 | ||
|---|---|---|---|
| 001 | BR9801867 | ||
| 003 | BR-BrBNA | ||
| 005 | 20230928095910.0 | ||
| 007 | ta | ||
| 008 | 230509b bl.||||| |||| 00| 0 por d | ||
| 040 |
_aBR-BrBNA _bpor _cBiblioteca Nacional de Agricultura |
||
| 041 | _a(Por) | ||
| 072 |
_aH10 _b4020 |
||
| 090 | _ 4020 BR9801867 | ||
| 110 | 1 |
_aInstituto Mineiro de Agropecuaria, Belo Horizonte, MG (Brasil) _96391 |
|
| 245 | 1 | _aPrograma de combate ao gafanhoto 1996 | |
| 260 | 3 |
_aBelo Horizonte, MG (Brasil): _c1996. |
|
| 300 | _a5 p. | ||
| 650 | _aGafanhoto | ||
| 650 | _aErradicacao | ||
| 909 |
_a202309 _bLucia _c55 _dLucia Elande |
||
| 942 | _cBK | ||
| 999 |
_c59288 _d59288 |
||